| 000 | 02138nam0a2200361 4500 | ||
|---|---|---|---|
| 001 | RU\NLR\bibl\1655211 | ||
| 005 | 20260407142049.0 | ||
| 010 |
_a978-5-16-003330-3 _93000 |
||
| 035 | _a(NLR Aleph) 001646518 | ||
| 090 |
_a894878 _c894878 |
||
| 100 | _a20100714d2010 |||y0rusy50 ca | ||
| 101 | 0 | _arus | |
| 102 | _aRU | ||
| 105 | _aa j ||||| | ||
| 106 | _ar | ||
| 200 | 1 |
_aВнешнеэкономическая деятельность предприятия _eучебник _eучебное пособие по дисциплине специализации специальности "Менеджмент организации" _f[к.э.н., доц. Е.П. Темнышова, к.т.н., доц. А.К. Дубин, к.э.н., доц. В.В. Лобачев и др.] _gпод ред. Засл. деятеля науки Рос. Федерации, д.э.н., проф. И. Н. Иванова _gГос. ун-т упр. |
|
| 210 |
_aМосква _cИнфра-М _d2010 |
||
| 215 |
_a295, [1] с. _cил., табл. _d22 |
||
| 225 | 1 | _aВысшее образование | |
| 320 | _aБиблиогр.: с. 292-293 (36 назв.) | ||
| 606 | 1 |
_aПредприятия _jУчебники для высших учебных заведений _xВнешнеэкономическая деятельность _yРоссийская Федерация _92247280 _3RU\NLR\auth\661348152 |
|
| 686 | _aУ29(2)я73 | ||
| 686 | _aУ43(2)-866я73 | ||
| 686 | _aУ9(2)80,3я73 | ||
| 701 | 1 |
_aТемнышова _bЕ. П. _gЕлена Петровна _4070 |
|
| 701 | 1 |
_aДубин _bА. К. _gАлексей Кириллович _4070 |
|
| 701 | 1 |
_aЛобачев _bВ. В. _gВиталий Владимирович _4070 |
|
| 702 | 1 |
_4340 _8rus _7ca _aИванов _bИ. Н. _cд-р экон. наук, управление, металлургия _gИгорь Николаевич _3RU\NLR\auth\7731427 _914437 |
|
| 712 | 0 | 2 |
_4570 _aГосударственный университет управления _cМосква _3RU\NLR\AUTH\8810011254 _9520215 |
| 801 | 0 |
_aRU _bNLR _c20100714 _gRCR |
|
| 801 | 1 |
_aRU _bNLR _c20100714 |
|
| 942 | _cBOOK | ||
| 980 | _aNB | ||